Entry Personal Name
Number of records used in: 1
001 - CONTROL NUMBER
003 - CONTROL NUMBER IDENTIFIER
005 - DATE AND TIME OF LATEST TRANSACTION
- control field:
20191224145213.0
008 - FIXED-LENGTH DATA ELEMENTS
- fixed length control field:
800903n| azannaabn |a aaa
010 ## - LIBRARY OF CONGRESS CONTROL NUMBER
- LC control number:
n 50051962
- Canceled/invalid LC control number:
n 93072757
035 ## - SYSTEM CONTROL NUMBER
- System control number:
(OCoLC)oca00086894
040 ## - CATALOGING SOURCE
- Original cataloging agency:
DLC
- Language of cataloging:
eng
- Description conventions:
rda
- Transcribing agency:
DLC
- Modifying agency:
DLC
- Modifying agency:
OCoLC
- Modifying agency:
DLC
046 ## - SPECIAL CODED DATES
- Birth date:
19181218
- Death date:
20120713
100 1# - HEADING--PERSONAL NAME
- Personal name:
Little, I. M. D.,
- Dates associated with a name:
1918-2012
372 ## - FIELD OF ACTIVITY
- Field of activity:
Development economics
- Source of term:
lcsh
373 ## - ASSOCIATED GROUP
- Associated group:
University of Oxford
- Associated group:
Nuffield College
- Source of term:
naf
- Source of information:
Telegraph WWW site, Oct. 4, 2012
373 ## - ASSOCIATED GROUP
- Associated group:
World Bank. Development Economics Department
374 ## - OCCUPATION
- Occupation:
Economist
- Occupation:
Professor
375 ## - GENDER
377 ## - ASSOCIATED LANGUAGE
378 ## - FULLER FORM OF PERSONAL NAME
- Fuller form of personal name:
Ian Malcolm David
400 1# - SEE FROM TRACING--PERSONAL NAME
- Personal name:
Little, Ian Malcolm David,
- Dates associated with a name:
1918-2012
400 1# - SEE FROM TRACING--PERSONAL NAME
- Personal name:
Little, Ian M. D.,
- Dates associated with a name:
1918-2012
670 ## - SOURCE DATA FOUND
- Source citation:
His A critique of economics, 1950-
670 ## - SOURCE DATA FOUND
- Source citation:
His Economic development, c1982:
- Information found:
CIP t.p. (Ian M.D. Little)
670 ## - SOURCE DATA FOUND
- Source citation:
Squire, L. Application of shadow pricing to country economic analysis with an illustration from Pakistan, c1979:
- Information found:
t.p. (I.M.D. Little, Develop. Econom. Dept., World Bank)
670 ## - SOURCE DATA FOUND
- Source citation:
His Small manufacturing enterprises, 1987:
- Information found:
CIP t.p. (Ian M.D. Little) data sheet (b. 12/12/18)
670 ## - SOURCE DATA FOUND
- Source citation:
Public policy and economic development, 1989:
- Information found:
CIP t.p. (Ian Little)
670 ## - SOURCE DATA FOUND
- Source citation:
LC database, Oct. 4, 2012
- Information found:
(hdg.: Little, Ian Malcolm David; usage: I.M.D. Little [predominant form], Ian M.D. Little)
670 ## - SOURCE DATA FOUND
- Source citation:
Telegraph WWW site, Oct. 4, 2012
- Information found:
(Ian Little; Ian Malcolm David Little; b. Dec. 18, 1918; d. July 13, 2012; economist who championed exports, not protectionism, as the key to growth in the developing world)